000
00254nam a2200097Ia 4500
001
807708
005
20250826171236.0
008
250824s9999 xx 000 0 und d
245
0
_a
TARİHİ DEĞİŞTİREN OLAYLAR
_c
ALİ ÇİMEN
260
_b
TİMAŞ YAYINLARI
999
_c
807708
_d
807708